Central Library OPAC University of Rajshahi

Essays in the theory of wages and prices / (Record no. 43463)

MARC details
000 -LEADER
fixed length control field 00928nam a2200277 a 4500
001 - CONTROL NUMBER
control field 43463
003 - CONTROL NUMBER IDENTIFIER
rucl marc code BD-RJUL
005 - DATE AND TIME OF LATEST TRANSACTION
control field 20211209053712.0
008 - FIXED-LENGTH DATA ELEMENTS--GENERAL INFORMATION
fixed length control field 160622s1967 ja a b 000 0 eng d
035 ## - SYSTEM CONTROL NUMBER
System control number BD-RJUL 43581
040 ## - CATALOGING SOURCE
Original cataloging agency DLC
Transcribing agency DLC
Modifying agency m/c
-- EQO
Language of cataloging eng
041 ## - LANGUAGE CODE
Language code of text/sound track or separate title eng
082 ## - DEWEY DECIMAL CLASSIFICATION NUMBER
Classification number 338
Author mark and year SUE 1967
100 1# - MAIN ENTRY--PERSONAL NAME
Personal name Suzuki, Ryōichi,
Dates associated with a name 1920-
9 (RLIN) 133479
245 10 - TITLE STATEMENT
Title Essays in the theory of wages and prices /
Statement of responsibility, etc. by Ryoichi Suzuki
260 ## - PUBLICATION, DISTRIBUTION, ETC. (IMPRINT)
Place of publication, distribution, etc. Tokyo :
Name of publisher, distributor, etc. Society of Business and Commerce, Keio University,
Date of publication, distribution, etc. 1967
300 ## - PHYSICAL DESCRIPTION
Pagination 97 p. :
Illustrations ill. ;
Size 22 cm
504 ## - BIBLIOGRAPHY, ETC. NOTE
Bibliography, etc Includes bibliographies
650 #0 - SUBJECT ADDED ENTRY--TOPICAL TERM
Topical term or geographic name as entry element Cost and standard of living
9 (RLIN) 133480
Topical term or geographic name as entry element Labor productivity
General subdivision Mathematical models
9 (RLIN) 133481
Topical term or geographic name as entry element Prices
General subdivision Mathematical models
9 (RLIN) 133482
Topical term or geographic name as entry element Wages
General subdivision Mathematical models
9 (RLIN) 133483
830 #0 - SERIES ADDED ENTRY--UNIFORM TITLE
Uniform title Keio monographs of business and commerce ;
Volume number/sequential designation 1.
942 ## - ADDED ENTRY ELEMENTS (KOHA)
Source of classification or shelving scheme Dewey Decimal Classification
Koha item type Books
Holdings
Lost status Source of classification or shelving scheme Damaged status Not for loan Collection code Permanent Location Current Location Shelving location Date acquired Source of acquisition Total Checkouts Full call number Date last seen Copy number Koha item type
  Dewey Decimal Classification     Non-fiction Central Library, University of Rajshahi Central Library, University of Rajshahi   18/12/1967 Asiatic Society of Bangladesh   338 SUE 1967 22/06/2016 C-2 Books